<?xml version="1.0" encoding="UTF-8"?>
<record
    xmlns:xsi="http://www.w3.org/2001/XMLSchema-instance"
    xsi:schemaLocation="http://www.loc.gov/MARC21/slim http://www.loc.gov/standards/marcxml/schema/MARC21slim.xsd"
    xmlns="http://www.loc.gov/MARC21/slim">

  <leader>01110nam0a2200289   4500</leader>
  <controlfield tag="001">RU\NLR\bibl\401962</controlfield>
  <controlfield tag="005">20250622164334.0</controlfield>
  <datafield tag="010" ind1=" " ind2=" ">
    <subfield code="a">5-17-016359-2</subfield>
    <subfield code="9">16000</subfield>
  </datafield>
  <datafield tag="021" ind1=" " ind2=" ">
    <subfield code="a">RU</subfield>
    <subfield code="b">2003-14847</subfield>
    <subfield code="9">693</subfield>
  </datafield>
  <datafield tag="035" ind1=" " ind2=" ">
    <subfield code="a">(NLR Aleph) 000396116</subfield>
  </datafield>
  <datafield tag="090" ind1=" " ind2=" ">
    <subfield code="a">546015</subfield>
    <subfield code="c">546015</subfield>
  </datafield>
  <datafield tag="100" ind1=" " ind2=" ">
    <subfield code="a">20030523d2003    |||y0rusy50      ca</subfield>
  </datafield>
  <datafield tag="101" ind1="1" ind2=" ">
    <subfield code="a">rus</subfield>
    <subfield code="c">eng</subfield>
  </datafield>
  <datafield tag="102" ind1=" " ind2=" ">
    <subfield code="a">RU</subfield>
  </datafield>
  <datafield tag="105" ind1=" " ind2=" ">
    <subfield code="a">y   |||||||||</subfield>
  </datafield>
  <datafield tag="200" ind1="1" ind2=" ">
    <subfield code="a">&#x41F;&#x43B;&#x435;&#x43D;&#x435;&#x43D;&#x43D;&#x44B;&#x435; &#x441;&#x435;&#x440;&#x434;&#x446;&#x430;</subfield>
    <subfield code="e">[&#x421;&#x431;.</subfield>
    <subfield code="f">&#x41F;&#x435;&#x440;. &#x441; &#x430;&#x43D;&#x433;&#x43B;. &#x41C;.&#x410;. &#x424;&#x43E;&#x43A;&#x438;&#x43D;&#x43E;&#x439;]</subfield>
  </datafield>
  <datafield tag="210" ind1=" " ind2=" ">
    <subfield code="a">&#x41C;.</subfield>
    <subfield code="c">&#x410;&#x421;&#x422;</subfield>
    <subfield code="d">2003</subfield>
  </datafield>
  <datafield tag="215" ind1=" " ind2=" ">
    <subfield code="a">348, [1] &#x441;.</subfield>
    <subfield code="d">16</subfield>
  </datafield>
  <datafield tag="225" ind1="1" ind2=" ">
    <subfield code="a">&#x421;&#x435;&#x440;&#x438;&#x44F; "&#x41C;&#x438;&#x43D;&#x438;-&#x428;&#x430;&#x440;&#x43C;"</subfield>
    <subfield code="v">&#x412;&#x44B;&#x43F;. 516</subfield>
  </datafield>
  <datafield tag="327" ind1="1" ind2=" ">
    <subfield code="a">&#x421;&#x43E;&#x434;&#x435;&#x440;&#x436;.: &#x411;&#x435;&#x437;&#x443;&#x43C;&#x43D;&#x44B;&#x439;, &#x431;&#x435;&#x437;&#x43D;&#x440;&#x430;&#x432;&#x441;&#x442;&#x432;&#x435;&#x43D;&#x43D;&#x44B;&#x439; &#x438; &#x43E;&#x43F;&#x430;&#x441;&#x43D;&#x44B;&#x439; / &#x41C;&#x44D;&#x440;&#x438; &#x414;&#x436;&#x43E; &#x41F;&#x430;&#x442;&#x43D;&#x438;. &#x410;&#x43D;&#x442;&#x430;&#x433;&#x43E;&#x43D;&#x438;&#x441;&#x442;&#x44B; / &#x414;&#x436;&#x43E;&#x430;&#x43D; &#x412;&#x443;&#x43B;&#x444;. &#x41A;&#x43B;&#x430;&#x434; / &#x42D;&#x434;&#x438;&#x442; &#x414;&#x44D;&#x439;&#x442;&#x43E;&#x43D;. &#x41E;&#x442;&#x446;&#x44B; &#x438; &#x434;&#x43E;&#x447;&#x435;&#x440;&#x438; / &#x41F;&#x430;&#x442;&#x440;&#x438;&#x446;&#x438;&#x44F; &#x420;&#x430;&#x439;&#x441;. &#x420;&#x430;&#x441;&#x43F;&#x443;&#x442;&#x43D;&#x438;&#x43A; / &#x41C;&#x44D;&#x440;&#x438; &#x411;&#x44D;&#x43B;&#x43E;&#x443;</subfield>
  </datafield>
  <datafield tag="686" ind1=" " ind2=" ">
    <subfield code="a">&#x428;6(7&#x421;&#x428;&#x410;)67-440.4&#x44F;43{&#x41B;&#x445;1979-50&#x441;&#x431;}</subfield>
  </datafield>
  <datafield tag="801" ind1=" " ind2="0">
    <subfield code="a">RU</subfield>
    <subfield code="b">NLR</subfield>
    <subfield code="c">20030523</subfield>
    <subfield code="g">PSBO</subfield>
  </datafield>
  <datafield tag="801" ind1=" " ind2="1">
    <subfield code="a">RU</subfield>
    <subfield code="b">NLR</subfield>
    <subfield code="c">20030523</subfield>
  </datafield>
  <datafield tag="942" ind1=" " ind2=" ">
    <subfield code="c">BOOK</subfield>
  </datafield>
  <datafield tag="980" ind1=" " ind2=" ">
    <subfield code="a">NB</subfield>
  </datafield>
  <datafield tag="995" ind1=" " ind2=" ">
    <subfield code="5">2003-05-23</subfield>
    <subfield code="a">ad</subfield>
    <subfield code="b">NLR01</subfield>
    <subfield code="c">NLR01</subfield>
    <subfield code="e">RF3</subfield>
    <subfield code="f">487143</subfield>
    <subfield code="k">2003-2/2097</subfield>
    <subfield code="o">0</subfield>
    <subfield code="r">BOOK</subfield>
    <subfield code="s">200322097_</subfield>
  </datafield>
  <datafield tag="995" ind1=" " ind2=" ">
    <subfield code="5">2003-05-23</subfield>
    <subfield code="a">ad</subfield>
    <subfield code="b">NLR01</subfield>
    <subfield code="c">NLR01</subfield>
    <subfield code="e">RF3</subfield>
    <subfield code="f">1-2194974</subfield>
    <subfield code="k">2003-2/2097</subfield>
    <subfield code="o">0</subfield>
    <subfield code="r">BOOK</subfield>
    <subfield code="s">200322097_</subfield>
  </datafield>
</record>
